000 00575nam a22002297a 4500
003 OSt
005 20140310182957.0
008 130207t xxu||||| |||| 00| 0 eng d
020 _a9789712721588
020 _a9789712721571
050 _aHF 5415
_b.Ac12 2009
100 _aAc-Ac, Maria Victoria M.
245 _aPrinciples of marketing /
_cMaria Victoria M. Ac-Ac
260 _aManila :
_bAnvil,
_c2009.
300 _a282 p. :
_c26 cm.
521 _aBSBA
650 _aMarketing
942 _2lcc
_cBK
_kLOC
999 _c18022
_d18022